| 000 | 01695nam a22002777a 4500 | ||
|---|---|---|---|
| 999 |
_c4028 _d4028 |
||
| 003 | DO-SdBJH | ||
| 005 | 20191031231557.0 | ||
| 008 | 180619b ||||| |||| 00| 0 spa d | ||
| 040 |
_aDO-SdBJH _bspa _cDO-SdBJH |
||
| 090 |
_aTG EGCEMC _b01095 2016 |
||
| 100 | 1 |
_aMartins Moura, Rogério _esustentante |
|
| 245 | 1 | 0 |
_aLecciones aprendidas de las incidencias de las operaciones de pacificación conjuntas e interagenciales ejecutadas pro el Ejército de Brazil en la ciudad de Río de Janeiro, 2010-2015 / _cRogério Martins Moura, asesores Miguel Enrique Peña Acosta, María Cristina Ortiz Monagas |
| 260 |
_aSanto Domingo : _bINSUDE, _c2016 |
||
| 300 | _ax, 83 páginas, ilustraciones-figuras | ||
| 502 | _aTesis (Especialidad de Comando y Estado Mayor Conjunto) -- Instituto Superior para la Defensa (INSUDE). – Escuela de Graduados de Comando y Estado Mayor Conjunto, 2016. | ||
| 504 | _aIncluye referencias bibliográficas e índices | ||
| 505 | _aLa situación de seguridad y el empleo de las Fuerzas Armadas. -- Las protecciones legales para el empleo del Ejército de Brasil en las operaciones de pacificación. -- Lecciones aprendidas en la conducción de las operaciones | ||
| 650 | 4 | _aSituación de seguridad -- Fuerzas Armadas -- Crisis | |
| 650 | 4 | _aProtecciones legales -- Empleo del Ejército de Brasil | |
| 650 | 4 | _aOperaciones de pacificación -- Logística | |
| 651 | _aBrasil. Ejército --- Ciudad de Río de Janeiro | ||
| 700 | 1 |
_aPeña Acosta, Miguel Enrique _easesor |
|
| 700 | 1 |
_aOrtiz Monagas, María Cristina _easesor |
|
| 830 | _aINSUDE. Escuela de Graduados de Comando y Estado Mayor Conjunto. Tesis y disertaciones académicas | ||
| 942 |
_2ddc _cT |
||